01351cam a2200289 a 450000100090000000300040000900500170001300800410003001000170007102000190008804000130010704300120012005000250013224500610015724600200021825000580023826000340029630000190033031000120034944000290036150001050039050000220049550503980051765000240091570000620093970000600100115334219OSt20210414114226.0080618m20089999enk 001 0 eng  a 2008614813 a9780406047762  aDLCcDLC ae-uk---00aKD310.H34(5e vol.54)00aHalsbury's laws of England : health services, vol. 54. /30aLaws of England a5th ed. bLord Mackay of Clashfern [editor-in-chief]. aLondon :bLexis Nexis,c2008. a899p.:c26 cm. aVol 54. pHealth services.vvol.54 aSet includes unnumbered consolidated index volumes, which index both the 4th and 5th editions, 2008- aIncludes indexes. aContents: How to use Halsbury's Law of England -- References and abbreviations -- Table of statutes -- Table of statutory instruments -- Table of European community legislation -- Table of cases -- Health services: The table of contents -- The national health service -- Registration of independent health services -- The appointments commission -- Other provision relating to health services. 0aLawzGreat Britain.1 aHalsbury, Hardinge Stanley Giffard,cEarl of,d1823-1921.1 aMackay of Clashfern, James Peter Hymers,cBaron,d1927-